Order of the phoenix chapter Quiz Stats

 Plays Quiz not verified by Sporcle

Support Sporcle.
Go Orange.
Score 0/38 Timer 15:00
0 Plays Today
% Correct
the order of the phoenix
88.6%
the ministry of magic
81.9%
dumbledores army
81.9%
dudley demented
79%
the hearing
79%
number twelve grimmauld place
77.1%
beyond the veil
76.2%
the second war begins
75.2%
professor umbridge
74.3%
christmas on the closed ward
74.3%
grawp
73.3%
the advance guard
72.4%
detention with dolores
72.4%
The Department of Mysteries
71.4%
OWLs
70.5%
the only one he ever feared
70.5%
a peck of owls
68.6%
in the hogs head
67.6%
St.Mungos hospital for magical maladies and injuries
66.7%
% Correct
Occlumency
66.7%
the hogwarts high inquisitor
64.8%
the centaur and the sneak
64.8%
the lost prophecy
63.8%
the noble and most ancient house of black
62.9%
the eye of the snake
62.9%
hagrids tale
61.9%
out of the fire
61.9%
the woes of mrs.weasley
59%
Luna Lovegood
58.1%
the sorting hats new song
56.2%
snapes worst memory
56.2%
educational decree number 24
55.2%
fight and flight
55.2%
the lion and the serpent
49.5%
Percy and Padfoot
47.6%
The beetle at bay
44.8%
career advice
41%
Seen and unforeseen
39%

You're not logged in!

Compare scores with friends on all Sporcle quizzes.
OR
Log In

From the Vault

Popular Girls 'S' Names Since 1880

by nightfloat

If you don't do well, try not to be a cry-baby.
Remove Ads.
Support Sporcle.
Get the best of Sporcle when you Go Orange. This ad-free experience offers more features, more stats, and more fun while also helping to support Sporcle. Thank you for becoming a member.

Show Comments

Extras

Created Feb 13, 2011ReportNominate
Tags:Chapter, Order, Phoenix

Top Quizzes Today


Score Distribution

Your Account Isn't Verified!

In order to create a playlist on Sporcle, you need to verify the email address you used during registration. Go to your Sporcle Settings to finish the process.

Report this User

Report this user for behavior that violates our Community Guidelines.

Details: